Руководство по техническому обслуживанию и ремонту шахтных главных водоотливных установок

Bibliographische Detailangaben
Körperschaft: Всесоюзный научно-исследовательский институт горной механики им. М. М. Федорова
Zusammenfassung:Утверждено Энергомеханичесим управлением 07.04.81
Sprache:Russisch
Veröffentlicht: Москва, Недра, 1983
Schlagworte:
Format: Buch
KOHA link:https://koha.lib.tpu.ru/cgi-bin/koha/opac-detail.pl?biblionumber=301185

MARC

LEADER 00000nam0a2200000 4500
001 301185
005 20231102001357.0
020 |a RU  |b 83-14000 
035 |a (RuTPU)RU\TPU\book\326338 
090 |a 301185 
100 |a 20150724d1983 k y0rusy5003 ca 
101 0 |a rus 
102 |a RU 
105 |a a z 001zy 
200 1 |a Руководство по техническому обслуживанию и ремонту шахтных главных водоотливных установок  |f Всесоюзный научно-исследовательский институт горной механики им. М. М. Федорова 
210 |a Москва  |c Недра  |d 1983 
215 |a 104 с.  |c ил. 
300 |a Утверждено Энергомеханичесим управлением 07.04.81 
320 |a Библиогр.: с. 102 
606 |a Водоотливные установки,рудничные  |2 stltpush  |3 (RuTPU)RU\TPU\subj\2858  |9 31365 
610 1 |a техническое обслуживание 
610 1 |a ремонт 
610 1 |a противопожарные мероприятия 
610 1 |a технологические карты 
610 1 |a неисправности 
610 1 |a устранение 
675 |a 622.53  |v 3 
712 0 2 |a Всесоюзный научно-исследовательский институт горной механики им. М. М. Федорова  |2 stltpush  |3 (RuTPU)RU\TPU\col\9526  |9 24706 
801 0 |a RU  |b RuMRKP  |c 19950704  |g psbo 
801 1 |a RU  |b 63413507  |c 20150724 
801 2 |a RU  |b 63413507  |c 20190219  |g RCR 
942 |c BK